书目信息 |
| 题名: |
开放经济下知识资本与全要素生产率
|
|
| 作者: | 程惠芳 , 陈超 著 | |
| 分册: | ||
| 出版信息: | 北京 中国社会科学出版社 2016 |
|
| 页数: | 412页 | |
| 开本: | 24cm | |
| 丛书名: | 创新发展与开放型经济水平研究丛书 | |
| 单 册: | ||
| 中图分类: | F062.3 | |
| 科图分类: | ||
| 主题词: | 知识经济--zhi shi jing ji--投入产出分析--研究--世界 | |
| 电子资源: | ||
| ISBN: | 978-7-5161-9317-4 | |
| 000 | 01520nam0 22002771 450 | |
| 001 | 1738601182 | |
| 005 | 20170627164619.0 | |
| 010 | @a978-7-5161-9317-4@dCNY98.00 | |
| 100 | @a20170508d2016 em y0chiy50 ea | |
| 101 | 0 | @achi |
| 102 | @aCN@b110000 | |
| 105 | @ay z 000yy | |
| 106 | @ar | |
| 200 | 1 | @a开放经济下知识资本与全要素生产率@9kai fang jing ji xia zhi shi zi ben yu quan yao su sheng chan lv@f程惠芳,陈超著 |
| 210 | @a北京@c中国社会科学出版社@d2016 | |
| 215 | @a412页@d24cm | |
| 225 | 2 | @a创新发展与开放型经济水平研究丛书@9chuang xin fa zhan yu kai fang xing jing ji shui ping yan jiu cong shu |
| 300 | @a国家社会科学基金重大招标项目“全面提高开放型经济水平研究”(13&ZD046)阶段性成果等 | |
| 330 | @a该书把知识资本纳入开放型经济内生增长模型,构建国内外知识资本投入产出模型,就不同知识资本要素对不同创新水平经济体的技术进步率和全要素生产率的影响进行国际比较分析,同时,构建了一个反映知识资本发展水平的评价指标体系,测度了全球130个经济体在1981-2010年间的知识资本及其四个方面(研发资本、人力资本、创新设施资本和技术资本)的指数值,以探讨和揭示知识资本的异质性及其对创新效果的差异性,为我国创新资源的科学配置提供参考依据。并从加大研发资本投入、注重人力资本积累、重视基础设施资本作用、发挥技术资本优势, | |
| 461 | 0 | @12001 @a创新发展与开放型经济水平研究丛书 |
| 606 | 0 | @a知识经济@9zhi shi jing ji@x投入产出分析@x研究@x世界 |
| 690 | @aF062.3@v5 | |
| 701 | 0 | @a程惠芳@9cheng hui fang@4著 |
| 701 | 0 | @a陈超@9chen chao@4著 |
| 801 | 0 | @aCN@bTANGWEI@c20170621 |
| 905 | @b1015741-6@dF062.3@e161@f6 | |
| 开放经济下知识资本与全要素生产率/程惠芳,陈超著.-北京:中国社会科学出版社,2016 |
| 412页;24cm.-(创新发展与开放型经济水平研究丛书) |
| 国家社会科学基金重大招标项目“全面提高开放型经济水平研究”(13&ZD046)阶段性成果等 |
| ISBN 978-7-5161-9317-4:CNY98.00 |
| 该书把知识资本纳入开放型经济内生增长模型,构建国内外知识资本投入产出模型,就不同知识资本要素对不同创新水平经济体的技术进步率和全要素生产率的影响进行国际比较分析,同时,构建了一个反映知识资本发展水平的评价指标体系,测度了全球130个经济体在1981-2010年间的知识资本及其四个方面(研发资本、人力资本、创新设施资本和技术资本)的指数值,以探讨和揭示知识资本的异质性及其对创新效果的差异性,为我国创新资源的科学配置提供参考依据。并从加大研发资本投入、注重人力资本积累、重视基础设施资本作用、发挥技术资本优势, |
| ● |
| 相关链接 |
|
|
|
|
正题名:开放经济下知识资本与全要素生产率
索取号:F062.3/161
 
预约/预借
| 序号 | 登录号 | 条形码 | 馆藏地/架位号 | 状态 | 备注 |
| 1 | 1015741 | 210157417 | 第一样本阅览室/ [索取号:F062.3/161] | 在馆 | |
| 2 | 1015742 | 210157426 | 教育系资料室/ [索取号:F062.3/161] | 在馆 | |
| 3 | 1015743 | 210157435 | 教育系资料室/ [索取号:F062.3/161] | 在馆 | |
| 4 | 1015744 | 210157444 | 教育系资料室/ [索取号:F062.3/161] | 在馆 | |
| 5 | 1015745 | 210157453 | 第一借阅区/ [索取号:F062.3/161] | 在馆 | |
| 6 | 1015746 | 210157462 | 第一借阅区/ [索取号:F062.3/161] | 在馆 |